[Event "European Women's Chess Club Cup 2023"]
[Site "Durres, Albania"]
[Date "2023.10.03"]
[Round "3.23"]
[White "Djukic, Sandra"]
[Black "Hunt, Harriet V"]
[Result "1/2-1/2"]
[TimeControl "90' + 30' & 30\""]
[WhiteElo "2121"]
[BlackElo "2316"]

1. Nf3 {[%clk 01:30:52]} {[%emt 00:00:07]} Nf6 {[%clk 01:30:48]} {[%emt
00:00:12]} 2. b3 {[%clk 01:30:34]} {[%emt 00:00:48]} e6 {[%clk 01:31:02]}
{[%emt 00:00:16]} 3. Bb2 {[%clk 01:30:59]} {[%emt 00:00:05]} d5 {[%clk
01:31:21]} {[%emt 00:00:12]} 4. e3 {[%clk 01:31:24]} {[%emt 00:00:05]} Be7
{[%clk 01:31:03]} {[%emt 00:00:48]} 5. Be2 {[%clk 01:28:05]} {[%emt 00:03:49]}
O-O {[%clk 01:30:49]} {[%emt 00:00:44]} 6. O-O {[%clk 01:28:23]} {[%emt
00:00:11]} b6 {[%clk 01:29:18]} {[%emt 00:02:03]} 7. Ne5 {[%clk 01:20:44]}
{[%emt 00:08:08]} Bb7 {[%clk 01:28:39]} {[%emt 00:01:10]} 8. d4 {[%clk
01:19:01]} {[%emt 00:02:12]} c5 {[%clk 01:26:48]} {[%emt 00:02:21]} 9. dxc5
{[%clk 01:19:13]} {[%emt 00:00:18]} bxc5 {[%clk 01:27:07]} {[%emt 00:00:12]} 10.
c4 {[%clk 01:19:35]} {[%emt 00:00:07]} Nc6 {[%clk 01:15:04]} {[%emt 00:12:33]}
11. Nxc6 {[%clk 01:02:07]} {[%emt 00:17:57]} Bxc6 {[%clk 01:15:31]} {[%emt
00:00:04]} 12. Nd2 {[%clk 01:01:18]} {[%emt 00:01:18]} Rc8 {[%clk 01:09:53]}
{[%emt 00:06:09]} 13. Nf3 {[%clk 00:45:13]} {[%emt 00:16:35]} Qb6 {[%clk
01:04:08]} {[%emt 00:06:15]} 14. Qc2 {[%clk 00:41:18]} {[%emt 00:04:25]} Rfd8
{[%clk 01:00:17]} {[%emt 00:04:20]} 15. Rad1 {[%clk 00:36:20]} {[%emt
00:05:28]} h6 {[%clk 00:57:35]} {[%emt 00:03:13]} 16. Ne5 {[%clk 00:33:58]}
{[%emt 00:02:52]} Bb7 {[%clk 00:53:03]} {[%emt 00:05:02]} 17. Bd3 {[%clk
00:29:05]} {[%emt 00:05:22]} d4 {[%clk 00:46:31]} {[%emt 00:07:02]} 18. f4
{[%clk 00:25:53]} {[%emt 00:03:42]} Rc7 {[%clk 00:41:21]} {[%emt 00:05:41]} 19.
e4 {[%clk 00:18:57]} {[%emt 00:07:26]} Bd6 {[%clk 00:33:37]} {[%emt 00:08:14]}
20. Qe2 {[%clk 00:17:10]} {[%emt 00:02:17]} Bxe5 {[%clk 00:29:26]} {[%emt
00:04:42]} 21. fxe5 {[%clk 00:17:36]} {[%emt 00:00:03]} Nd7 {[%clk 00:29:47]}
{[%emt 00:00:09]} 22. Qh5 {[%clk 00:16:58]} {[%emt 00:01:07]} Nf8 {[%clk
00:29:56]} {[%emt 00:00:22]} 23. Bc1 {[%clk 00:16:26]} {[%emt 00:01:02]} Ng6
{[%clk 00:28:04]} {[%emt 00:02:22]} 24. Rf3 {[%clk 00:14:37]} {[%emt 00:02:19]}
Rcd7 {[%clk 00:26:48]} {[%emt 00:01:46]} 25. Rdf1 {[%clk 00:09:39]} {[%emt
00:05:27]} Qc7 {[%clk 00:24:31]} {[%emt 00:02:47]} 26. Bf4 {[%clk 00:10:05]}
{[%emt 00:00:04]} Ra8 {[%clk 00:16:58]} {[%emt 00:08:03]} 27. Bg3 {[%clk
00:08:36]} {[%emt 00:01:59]} a5 {[%clk 00:15:19]} {[%emt 00:02:10]} 28. a4
{[%clk 00:01:11]} {[%emt 00:07:55]} Bc6 {[%clk 00:14:13]} {[%emt 00:01:35]} 29.
h4 {[%clk 00:00:38]} {[%emt 00:01:03]} Rb8 {[%clk 00:13:46]} {[%emt 00:00:57]}
30. Rb1 {[%clk 00:01:03]} {[%emt 00:00:06]} Rb7 {[%clk 00:12:36]} {[%emt
00:01:41]} 31. Kh1 {[%clk 00:00:43]} {[%emt 00:00:49]} Qb8 {[%clk 00:11:51]}
{[%emt 00:01:15]} 32. Qg4 {[%clk 00:00:43]} {[%emt 00:00:30]} Nxe5 {[%clk
00:09:16]} {[%emt 00:03:05]} 33. Qh5 {[%clk 00:01:10]} {[%emt 00:00:03]} f6
{[%clk 00:09:25]} {[%emt 00:00:21]} 34. Bf4 {[%clk 00:00:39]} {[%emt 00:01:01]}
Qd8 {[%clk 00:05:41]} {[%emt 00:04:14]} 35. Bxe5 {[%clk 00:00:52]} {[%emt
00:00:17]} fxe5 {[%clk 00:06:10]} {[%emt 00:00:02]} 36. Rbf1 {[%clk 00:00:55]}
{[%emt 00:00:26]} Rxb3 {[%clk 00:05:15]} {[%emt 00:01:25]} 37. Qxe5 {[%clk
00:00:52]} {[%emt 00:00:32]} Qxh4+ {[%clk 00:04:58]} {[%emt 00:00:47]} 38. Rh3
{[%clk 00:00:34]} {[%emt 00:00:48]} Qe7 {[%clk 00:04:48]} {[%emt 00:00:11]} 39.
Rff3 {[%clk 00:00:46]} {[%emt 00:00:18]} Qd6 {[%clk 00:02:24]} {[%emt
00:03:24]} 40. Qh5 {[%clk 00:01:11]} {[%emt 00:00:04]} Rdb7 {[%clk 00:01:25]}
{[%emt 00:01:29]} 41. e5 {[%clk 00:25:33]} {[%emt 00:06:09]} Qe7 {[%clk
00:26:00]} {[%emt 00:05:54]} 42. Bh7+ {[%clk 00:09:20]} {[%emt 00:16:43]} Kxh7
{[%clk 00:26:20]} {[%emt 00:00:10]} 43. Rxb3 {[%clk 00:09:47]} {[%emt
00:00:04]} Rxb3 {[%clk 00:25:27]} {[%emt 00:01:23]} 44. Rxb3 {[%clk 00:10:14]}
{[%emt 00:00:03]} Bxa4 {[%clk 00:25:16]} {[%emt 00:00:41]} 45. Rb6 {[%clk
00:06:43]} {[%emt 00:04:00]} Bc2 {[%clk 00:23:46]} {[%emt 00:02:00]} 46. Qg4
{[%clk 00:06:53]} {[%emt 00:00:20]} Bf5 {[%clk 00:23:56]} {[%emt 00:00:21]} 47.
Qf4 {[%clk 00:07:21]} {[%emt 00:00:01]} d3 {[%clk 00:20:09]} {[%emt 00:04:17]}
48. Kg1 {[%clk 00:03:26]} {[%emt 00:04:25]} Qd7 {[%clk 00:18:06]} {[%emt
00:02:33]} 49. Rd6 {[%clk 00:03:49]} {[%emt 00:00:07]} Qa4 {[%clk 00:18:23]}
{[%emt 00:00:14]} 50. Kh2 {[%clk 00:03:00]} {[%emt 00:01:18]} Qc2 {[%clk
00:17:12]} {[%emt 00:01:41]} 51. Rd7 {[%clk 00:02:09]} {[%emt 00:01:22]} Qe2
{[%clk 00:13:15]} {[%emt 00:04:27]} 52. Qg3 {[%clk 00:01:55]} {[%emt 00:00:43]}
Qh5+ {[%clk 00:13:33]} {[%emt 00:00:12]} 53. Kg1 {[%clk 00:02:20]} {[%emt
00:00:04]} Bg6 {[%clk 00:12:30]} {[%emt 00:01:35]} 54. Qf4 {[%clk 00:00:35]}
{[%emt 00:02:14]} Bf5 {[%clk 00:03:30]} {[%emt 00:09:30]} 55. Qg3 {[%clk
00:00:57]} {[%emt 00:00:08]} Qd1+ {[%clk 00:01:31]} {[%emt 00:02:29]} 56. Kh2
{[%clk 00:01:24]} {[%emt 00:00:04]} Qg4 {[%clk 00:01:15]} {[%emt 00:00:45]} 57.
Qxg4 {[%clk 00:00:55]} {[%emt 00:00:59]} Bxg4 {[%clk 00:01:44]} {[%emt
00:00:01]} 58. Rxd3 {[%clk 00:00:35]} {[%emt 00:00:49]} a4 {[%clk 00:01:53]}
{[%emt 00:00:23]} 59. Rd6 {[%clk 00:01:00]} {[%emt 00:00:05]} Kg6 {[%clk
00:01:46]} {[%emt 00:00:37]} 60. Kg3 {[%clk 00:01:08]} {[%emt 00:00:22]} Be2
{[%clk 00:01:30]} {[%emt 00:00:45]} 61. Rxe6+ {[%clk 00:00:37]} {[%emt
00:01:01]} Kf5 {[%clk 00:01:51]} {[%emt 00:00:09]} 62. Rc6 {[%clk 00:00:47]}
{[%emt 00:00:20]} Bxc4 {[%clk 00:01:02]} {[%emt 00:01:19]} 63. Rxc5 {[%clk
00:01:13]} {[%emt 00:00:04]} Be6 {[%clk 00:01:20]} {[%emt 00:00:12]} 64. Ra5
{[%clk 00:01:31]} {[%emt 00:00:12]} Bb3 {[%clk 00:01:29]} {[%emt 00:00:22]} 65.
Kf3 {[%clk 00:01:34]} {[%emt 00:00:27]} h5 {[%clk 00:01:22]} {[%emt 00:00:37]}
66. g3 {[%clk 00:01:01]} {[%emt 00:01:03]} g5 {[%clk 00:01:12]} {[%emt
00:00:39]} 67. e6+ {[%clk 00:00:53]} {[%emt 00:00:38]} Kxe6 {[%clk 00:01:34]}
{[%emt 00:00:08]} 68. Rxg5 {[%clk 00:01:20]} {[%emt 00:00:03]} a3 {[%clk
00:01:16]} {[%emt 00:00:49]} 69. Ra5 {[%clk 00:01:22]} {[%emt 00:00:27]} a2
{[%clk 00:04:14]} {[%emt 00:00:24]} 70. Kf4 {[%clk 00:01:48]} {[%emt 00:00:04]}
Kf6 {[%clk 00:01:45]} {[%emt 00:00:08]} 71. Ra6+ {[%clk 00:02:15]} {[%emt
00:00:03]} Be6 {[%clk 00:01:40]} {[%emt 00:00:34]} 72. Ra5 {[%clk 00:01:47]}
{[%emt 00:00:58]} Bb3 {[%clk 00:01:34]} {[%emt 00:00:36]} 73. Ra6+ {[%clk
00:00:34]} {[%emt 00:01:43]} Be6 {[%clk 00:01:59]} {[%emt 00:00:05]} 74. Ra7
{[%clk 00:00:38]} {[%emt 00:00:26]} Bb3 {[%clk 00:01:58]} {[%emt 00:00:31]} 75.
Ra6+ {[%clk 00:00:34]} {[%emt 00:00:34]} 1/2-1/2

[Event "European Women's Chess Club Cup 2023"]
[Site "Durres, Albania"]
[Date "2023.10.03"]
[Round "3.24"]
[White "Kalaiyalahan, Akshaya"]
[Black "Trajkovska, Sanja"]
[Result "1-0"]
[TimeControl "90' + 30' & 30\""]
[WhiteElo "2168"]
[BlackElo "1864"]

1. Nf3 {[%clk 01:30:56]} {[%emt 00:00:03]} f5 {[%clk 01:30:53]} {[%emt
00:00:08]} 2. d3 {[%clk 01:31:12]} {[%emt 00:00:14]} Nc6 {[%clk 01:31:11]}
{[%emt 00:00:12]} 3. e4 {[%clk 01:31:32]} {[%emt 00:00:11]} e5 {[%clk
01:31:35]} {[%emt 00:00:06]} 4. exf5 {[%clk 01:22:10]} {[%emt 00:09:52]} d5
{[%clk 01:31:56]} {[%emt 00:00:08]} 5. Bg5 {[%clk 01:21:13]} {[%emt 00:01:27]}
Be7 {[%clk 01:29:50]} {[%emt 00:02:36]} 6. Qd2 {[%clk 01:18:40]} {[%emt
00:03:03]} Bxf5 {[%clk 01:28:35]} {[%emt 00:01:45]} 7. Be2 {[%clk 01:12:50]}
{[%emt 00:06:20]} Nf6 {[%clk 01:26:42]} {[%emt 00:02:23]} 8. O-O {[%clk
01:10:56]} {[%emt 00:02:24]} h6 {[%clk 01:24:13]} {[%emt 00:02:59]} 9. Nh4
{[%clk 01:05:42]} {[%emt 00:05:45]} Bh7 {[%clk 00:51:36]} {[%emt 00:33:07]} 10.
Bxf6 {[%clk 01:05:56]} {[%emt 00:00:15]} Bxf6 {[%clk 00:51:21]} {[%emt
00:00:45]} 11. Bh5+ {[%clk 01:05:39]} {[%emt 00:00:47]} g6 {[%clk 00:46:36]}
{[%emt 00:05:15]} 12. Nxg6 {[%clk 01:05:28]} {[%emt 00:00:41]} Bxg6 {[%clk
00:46:18]} {[%emt 00:00:48]} 13. Bxg6+ {[%clk 01:05:52]} {[%emt 00:00:06]} Ke7
{[%clk 00:46:38]} {[%emt 00:00:10]} 14. c3 {[%clk 00:58:46]} {[%emt 00:07:36]}
Qg8 {[%clk 00:43:44]} {[%emt 00:03:24]} 15. Bh5 {[%clk 00:55:53]} {[%emt
00:03:23]} Bg5 {[%clk 00:42:00]} {[%emt 00:02:14]} 16. Qe2 {[%clk 00:54:54]}
{[%emt 00:01:29]} Rf8 {[%clk 00:38:52]} {[%emt 00:03:38]} 17. Na3 {[%clk
00:48:45]} {[%emt 00:06:39]} Kd8 {[%clk 00:38:14]} {[%emt 00:01:08]} 18. b4
{[%clk 00:47:26]} {[%emt 00:01:48]} Qg7 {[%clk 00:37:05]} {[%emt 00:01:39]} 19.
Rae1 {[%clk 00:41:50]} {[%emt 00:06:06]} Bf6 {[%clk 00:32:32]} {[%emt
00:05:03]} 20. Nc2 {[%clk 00:34:10]} {[%emt 00:08:10]} Rhg8 {[%clk 00:32:34]}
{[%emt 00:00:28]} 21. g3 {[%clk 00:34:07]} {[%emt 00:00:34]} Ne7 {[%clk
00:28:49]} {[%emt 00:04:14]} 22. Kh1 {[%clk 00:29:36]} {[%emt 00:05:02]} Ng6
{[%clk 00:15:58]} {[%emt 00:13:20]} 23. Ne3 {[%clk 00:26:24]} {[%emt 00:03:42]}
Qd7 {[%clk 00:15:43]} {[%emt 00:00:45]} 24. Bxg6 {[%clk 00:19:49]} {[%emt
00:07:06]} Rxg6 {[%clk 00:16:05]} {[%emt 00:00:08]} 25. Qf3 {[%clk 00:19:56]}
{[%emt 00:00:22]} c6 {[%clk 00:15:50]} {[%emt 00:00:45]} 26. b5 {[%clk
00:17:53]} {[%emt 00:02:33]} Be7 {[%clk 00:13:45]} {[%emt 00:02:35]} 27. Qg2
{[%clk 00:18:12]} {[%emt 00:00:12]} h5 {[%clk 00:13:07]} {[%emt 00:01:08]} 28.
bxc6 {[%clk 00:17:45]} {[%emt 00:00:56]} bxc6 {[%clk 00:13:05]} {[%emt
00:00:32]} 29. f3 {[%clk 00:14:06]} {[%emt 00:04:09]} Bc5 {[%clk 00:11:54]}
{[%emt 00:01:41]} 30. Nc2 {[%clk 00:12:46]} {[%emt 00:01:50]} Qg7 {[%clk
00:10:23]} {[%emt 00:02:02]} 31. Rb1 {[%clk 00:10:55]} {[%emt 00:02:20]} Kc7
{[%clk 00:10:08]} {[%emt 00:00:46]} 32. Nb4 {[%clk 00:11:00]} {[%emt 00:00:25]}
Bb6 {[%clk 00:09:09]} {[%emt 00:01:28]} 33. a4 {[%clk 00:08:42]} {[%emt
00:02:49]} h4 {[%clk 00:09:14]} {[%emt 00:00:25]} 34. g4 {[%clk 00:08:47]}
{[%emt 00:00:25]} h3 {[%clk 00:08:06]} {[%emt 00:01:38]} 35. Qe2 {[%clk
00:06:31]} {[%emt 00:02:45]} Kc8 {[%clk 00:06:16]} {[%emt 00:02:18]} 36. c4
{[%clk 00:03:24]} {[%emt 00:03:39]} dxc4 {[%clk 00:04:56]} {[%emt 00:01:50]} 37.
dxc4 {[%clk 00:03:49]} {[%emt 00:00:06]} Rf4 {[%clk 00:03:02]} {[%emt
00:02:23]} 38. c5 {[%clk 00:03:29]} {[%emt 00:00:50]} Bc7 {[%clk 00:02:43]}
{[%emt 00:00:49]} 39. Qa6+ {[%clk 00:03:01]} {[%emt 00:00:58]} Kd7 {[%clk
00:02:18]} {[%emt 00:00:55]} 40. Qd3+ {[%clk 00:01:50]} {[%emt 00:01:41]} Kc8
{[%clk 00:00:38]} {[%emt 00:02:11]} 41. Rfd1 {[%clk 00:26:59]} {[%emt
00:05:21]} Rd4 {[%clk 00:27:20]} {[%emt 00:03:47]} 42. Qf5+ {[%clk 00:25:41]}
{[%emt 00:01:48]} Kd8 {[%clk 00:26:56]} {[%emt 00:00:53]} 43. Nc2 {[%clk
00:25:00]} {[%emt 00:01:13]} Rd5 {[%clk 00:22:39]} {[%emt 00:04:47]} 44. Qe4
{[%clk 00:24:27]} {[%emt 00:01:03]} Qf7 {[%clk 00:22:09]} {[%emt 00:00:59]} 45.
Nb4 {[%clk 00:23:01]} {[%emt 00:01:57]} Rxd1+ {[%emt 00:06:27]} 46. Rxd1+
{[%clk 00:23:25]} {[%emt 00:00:05]} Ke8 {[%clk 00:14:50]} {[%emt 00:01:52]} 47.
Nxc6 {[%clk 00:21:46]} {[%emt 00:02:10]} Kf8 {[%clk 00:12:43]} {[%emt
00:02:37]} 48. Nd8 {[%clk 00:13:49]} {[%emt 00:08:26]} Qe8 {[%clk 00:06:37]}
{[%emt 00:06:36]} 49. Qf5+ {[%clk 00:12:18]} {[%emt 00:02:01]} Ke7 {[%clk
00:06:03]} {[%emt 00:01:04]} 50. c6 {[%clk 00:08:49]} {[%emt 00:04:00]} Bd6
{[%clk 00:03:52]} {[%emt 00:02:41]} 51. Nb7 {[%clk 00:09:14]} {[%emt 00:00:05]}
Qxc6 {[%clk 00:03:21]} {[%emt 00:01:01]} 52. Nxd6 {[%clk 00:09:35]} {[%emt
00:00:09]} Rxd6 {[%clk 00:03:34]} {[%emt 00:00:17]} 53. Qxe5+ {[%clk 00:08:27]}
{[%emt 00:01:38]} Kf7 {[%clk 00:02:57]} {[%emt 00:01:06]} 54. Qf5+ {[%clk
00:06:01]} {[%emt 00:02:57]} Kg7 {[%clk 00:03:12]} {[%emt 00:00:15]} 55. Qg5+
{[%clk 00:05:14]} {[%emt 00:01:18]} Kf7 {[%clk 00:03:23]} {[%emt 00:00:18]} 56.
Qh5+ {[%clk 00:05:06]} {[%emt 00:00:38]} Kg7 {[%clk 00:02:59]} {[%emt
00:00:52]} 57. Rf1 {[%clk 00:04:31]} {[%emt 00:01:07]} Rh6 {[%clk 00:01:48]}
{[%emt 00:01:41]} 58. Qe5+ {[%clk 00:04:24]} {[%emt 00:00:37]} Kf7 {[%clk
00:01:03]} {[%emt 00:01:14]} 59. Qe4 {[%clk 00:03:50]} {[%emt 00:01:05]} Qa6
{[%clk 00:00:38]} {[%emt 00:00:54]} 60. Re1 {[%clk 00:03:48]} {[%emt 00:00:32]}
Rb6 {[%clk 00:00:33]} {[%emt 00:00:35]} 61. Qh7+ {[%clk 00:03:43]} {[%emt
00:00:36]} Kf6 {[%clk 00:00:31]} {[%emt 00:00:32]} 62. Qxh3 {[%clk 00:03:37]}
{[%emt 00:00:37]} Qxa4 {[%clk 00:00:38]} {[%emt 00:00:22]} 63. Qh6+ {[%clk
00:03:44]} {[%emt 00:00:23]} Kf7 {[%clk 00:01:00]} {[%emt 00:00:07]} 64. Qh7+
{[%clk 00:04:06]} {[%emt 00:00:09]} Kf8 {[%clk 00:00:37]} {[%emt 00:00:53]} 65.
Qe7+ {[%clk 00:04:15]} {[%emt 00:00:20]} Kg8 {[%clk 00:00:36]} {[%emt
00:00:31]} 66. Qe8+ {[%clk 00:03:52]} {[%emt 00:00:53]} 1-0

[Event "European Women's Chess Club Cup 2023"]
[Site "Durres, Albania"]
[Date "2023.10.03"]
[Round "3.25"]
[White "Guichard, Pauline"]
[Black "Spalir, Monika"]
[Result "1/2-1/2"]
[TimeControl "90' + 30' & 30\""]
[WhiteElo "2358"]
[BlackElo "2120"]

1. d4 {[%clk 01:30:57]} {[%emt 00:00:01]} d5 {[%clk 01:30:57]} {[%emt
00:00:04]} 2. c4 {[%clk 01:31:23]} {[%emt 00:00:04]} c6 {[%clk 01:31:25]}
{[%emt 00:00:03]} 3. Nc3 {[%clk 01:31:48]} {[%emt 00:00:04]} Nf6 {[%clk
01:31:52]} {[%emt 00:00:03]} 4. e3 {[%clk 01:32:12]} {[%emt 00:00:06]} e6
{[%clk 01:32:18]} {[%emt 00:00:04]} 5. Nf3 {[%clk 01:32:34]} {[%emt 00:00:07]}
Nbd7 {[%clk 01:32:31]} {[%emt 00:00:18]} 6. Be2 {[%clk 01:32:52]} {[%emt
00:00:12]} Bd6 {[%clk 01:32:50]} {[%emt 00:00:11]} 7. O-O {[%clk 01:32:47]}
{[%emt 00:00:35]} O-O {[%clk 01:33:16]} {[%emt 00:00:04]} 8. b3 {[%clk
01:33:13]} {[%emt 00:00:04]} b6 {[%clk 01:33:43]} {[%emt 00:00:03]} 9. Bb2
{[%clk 01:33:40]} {[%emt 00:00:03]} Bb7 {[%clk 01:33:27]} {[%emt 00:00:47]} 10.
Bd3 {[%clk 01:33:50]} {[%emt 00:00:19]} Qe7 {[%clk 01:26:35]} {[%emt 00:07:23]}
11. Re1 {[%clk 01:33:40]} {[%emt 00:00:39]} c5 {[%clk 01:26:10]} {[%emt
00:00:55]} 12. cxd5 {[%clk 01:28:00]} {[%emt 00:06:10]} exd5 {[%clk 01:23:41]}
{[%emt 00:02:59]} 13. Nb5 {[%clk 01:28:22]} {[%emt 00:00:08]} Bb8 {[%clk
01:23:33]} {[%emt 00:00:38]} 14. Bf1 {[%clk 01:21:51]} {[%emt 00:07:01]} a6
{[%clk 01:20:34]} {[%emt 00:03:29]} 15. Nc3 {[%clk 01:22:13]} {[%emt 00:00:08]}
Bd6 {[%clk 01:20:50]} {[%emt 00:00:14]} 16. a4 {[%clk 01:15:27]} {[%emt
00:07:17]} Rfd8 {[%clk 01:16:54]} {[%emt 00:04:25]} 17. g3 {[%clk 01:14:01]}
{[%emt 00:01:56]} Rac8 {[%clk 01:14:00]} {[%emt 00:03:24]} 18. Bg2 {[%clk
01:10:56]} {[%emt 00:03:35]} Nf8 {[%clk 01:11:46]} {[%emt 00:02:45]} 19. Rc1
{[%clk 01:03:32]} {[%emt 00:07:53]} Ne6 {[%clk 01:07:53]} {[%emt 00:04:23]} 20.
Re2 {[%clk 00:52:40]} {[%emt 00:11:22]} Bb8 {[%clk 01:05:17]} {[%emt 00:03:06]}
21. Bh3 {[%clk 00:44:59]} {[%emt 00:08:10]} Ne4 {[%clk 00:59:59]} {[%emt
00:05:49]} 22. Rec2 {[%clk 00:41:16]} {[%emt 00:04:13]} g6 {[%clk 00:54:43]}
{[%emt 00:05:45]} 23. Ne2 {[%clk 00:27:54]} {[%emt 00:13:53]} c4 {[%clk
00:46:34]} {[%emt 00:08:40]} 24. Nd2 {[%clk 00:26:09]} {[%emt 00:02:14]} N4g5
{[%clk 00:39:46]} {[%emt 00:07:18]} 25. Bg2 {[%clk 00:25:28]} {[%emt 00:01:11]}
Ng7 {[%clk 00:36:45]} {[%emt 00:03:31]} 26. h4 {[%clk 00:22:46]} {[%emt
00:03:12]} N5e6 {[%clk 00:34:33]} {[%emt 00:02:43]} 27. bxc4 {[%clk 00:23:10]}
{[%emt 00:00:05]} dxc4 {[%clk 00:27:44]} {[%emt 00:07:20]} 28. Rxc4 {[%clk
00:23:15]} {[%emt 00:00:25]} Rxc4 {[%clk 00:28:02]} {[%emt 00:00:11]} 29. Rxc4
{[%clk 00:23:28]} {[%emt 00:00:16]} g5 {[%clk 00:27:20]} {[%emt 00:01:13]} 30.
hxg5 {[%clk 00:18:06]} {[%emt 00:05:51]} Nxg5 {[%clk 00:27:48]} {[%emt
00:00:02]} 31. Qf1 {[%clk 00:17:37]} {[%emt 00:00:59]} Nf5 {[%clk 00:27:20]}
{[%emt 00:00:59]} 32. Bxb7 {[%clk 00:10:48]} {[%emt 00:07:19]} Qxb7 {[%clk
00:25:50]} {[%emt 00:02:00]} 33. Qg2 {[%clk 00:10:48]} {[%emt 00:00:29]} Qe7
{[%clk 00:23:50]} {[%emt 00:02:30]} 34. Nf1 {[%clk 00:09:34]} {[%emt 00:01:45]}
Nd6 {[%clk 00:09:39]} {[%emt 00:14:41]} 35. Rc6 {[%clk 00:07:27]} {[%emt
00:02:36]} Nde4 {[%clk 00:09:21]} {[%emt 00:00:49]} 36. Nf4 {[%clk 00:05:05]}
{[%emt 00:02:52]} Qb4 {[%clk 00:07:07]} {[%emt 00:02:44]} 37. f3 {[%clk
00:03:21]} {[%emt 00:02:14]} Nd2 {[%clk 00:07:31]} {[%emt 00:00:05]} 38. Nxd2
{[%clk 00:01:27]} {[%emt 00:02:24]} Qxb2 {[%clk 00:07:41]} {[%emt 00:00:20]} 39.
Nf1 {[%clk 00:01:00]} {[%emt 00:00:57]} Qb3 {[%clk 00:06:25]} {[%emt 00:01:46]}
40. Nh3 {[%clk 00:00:54]} {[%emt 00:00:37]} Qxa4 {[%clk 00:04:31]} {[%emt
00:02:25]} 41. Rxb6 {[%clk 00:19:00]} {[%emt 00:12:23]} Ne6 {[%clk 00:34:47]}
{[%emt 00:00:14]} 42. d5 {[%clk 00:15:35]} {[%emt 00:03:56]} Bc7 {[%clk
00:31:43]} {[%emt 00:03:33]} 43. Rb7 {[%clk 00:10:26]} {[%emt 00:05:39]} Rxd5
{[%clk 00:30:35]} {[%emt 00:01:38]} 44. Nf4 {[%clk 00:10:52]} {[%emt 00:00:04]}
Rb5 {[%clk 00:23:26]} {[%emt 00:07:39]} 45. Ra7 {[%clk 00:08:34]} {[%emt
00:02:48]} Bb8 {[%clk 00:17:11]} {[%emt 00:06:45]} 46. Rd7 {[%clk 00:08:44]}
{[%emt 00:00:20]} Rb1 {[%clk 00:16:11]} {[%emt 00:01:30]} 47. Qd2 {[%clk
00:05:26]} {[%emt 00:03:48]} Bxf4 {[%clk 00:13:57]} {[%emt 00:02:44]} 48. exf4
{[%clk 00:02:20]} {[%emt 00:03:36]} Qb5 {[%clk 00:13:07]} {[%emt 00:01:20]} 49.
Qd3 {[%clk 00:02:27]} {[%emt 00:00:22]} Qxd3 {[%clk 00:06:54]} {[%emt
00:06:44]} 50. Rxd3 {[%clk 00:02:53]} {[%emt 00:00:03]} Kg7 {[%clk 00:06:35]}
{[%emt 00:00:50]} 51. Kg2 {[%clk 00:01:54]} {[%emt 00:01:28]} a5 {[%clk
00:06:41]} {[%emt 00:00:25]} 52. Ra3 {[%clk 00:01:24]} {[%emt 00:01:00]} Rb5
{[%clk 00:06:25]} {[%emt 00:00:45]} 53. Ne3 {[%clk 00:00:54]} {[%emt 00:01:01]}
Nc5 {[%clk 00:04:49]} {[%emt 00:02:06]} 54. Nf5+ {[%clk 00:00:47]} {[%emt
00:00:37]} Kf6 {[%clk 00:04:26]} {[%emt 00:00:53]} 55. Nd6 {[%clk 00:00:40]}
{[%emt 00:00:37]} Rb2+ {[%clk 00:04:38]} {[%emt 00:00:18]} 56. Kh3 {[%clk
00:00:50]} {[%emt 00:00:20]} a4 {[%clk 00:04:33]} {[%emt 00:00:35]} 57. Rc3
{[%clk 00:00:53]} {[%emt 00:00:26]} Ne6 {[%clk 00:03:34]} {[%emt 00:01:30]} 58.
Ra3 {[%clk 00:00:48]} {[%emt 00:00:34]} Rb4 {[%clk 00:03:05]} {[%emt 00:01:00]}
59. Ne4+ {[%clk 00:00:52]} {[%emt 00:00:26]} Kg6 {[%clk 00:02:57]} {[%emt
00:00:38]} 60. Kg2 {[%clk 00:00:37]} {[%emt 00:00:45]} Nd4 {[%clk 00:03:13]}
{[%emt 00:00:14]} 61. Nc5 {[%clk 00:00:42]} {[%emt 00:00:24]} Rb2+ {[%clk
00:03:12]} {[%emt 00:00:32]} 62. Kf1 {[%clk 00:00:33]} {[%emt 00:00:39]} Rb1+
{[%clk 00:03:18]} {[%emt 00:00:24]} 63. Kg2 {[%clk 00:00:34]} {[%emt 00:00:29]}
Rb2+ {[%clk 00:03:39]} {[%emt 00:00:09]} 64. Kf1 {[%clk 00:00:36]} {[%emt
00:00:28]} Rb1+ {[%clk 00:04:04]} {[%emt 00:00:05]} 65. Kf2 {[%clk 00:00:42]}
{[%emt 00:00:23]} Rb2+ {[%clk 00:04:25]} {[%emt 00:00:10]} 66. Kf1 {[%clk
00:00:44]} {[%emt 00:00:27]} Rb1+ {[%clk 00:04:50]} {[%emt 00:00:05]} 67. Kg2
{[%emt 00:01:18]} Ne2 {[%emt 00:00:03]} 68. Kh3 Rb2 {[%emt 00:00:01]} 1/2-1/2